书目信息 |
| 题名: |
边缘计算与云计算的协同发展
|
|
| 作者: | 李欣, 著 | |
| 分册: | ||
| 出版信息: | 哈尔滨 北方文艺出版社 2025.02 |
|
| 页数: | 352页 | |
| 开本: | 23cm | |
| 丛书名: | ||
| 单 册: | ||
| 中图分类: | TN929.5 , TP393.027 | |
| 科图分类: | ||
| 主题词: | 无线电通信--wu xian dian tong xin--移动通信--计算 , 云计算--yun ji suan | |
| 电子资源: | ||
| ISBN: | 978-7-5317-6615-5 | |
| 000 | 01538nam0 2200301 450 | |
| 001 | 97561 | |
| 005 | 20250919172753.27 | |
| 010 | @a978-7-5317-6615-5@dCNY99.80 | |
| 100 | @a20250530d2025 em y0chiy50 ea | |
| 101 | 0 | @achi |
| 102 | @aCN@b230000 | |
| 105 | @ay a 000yy | |
| 106 | @ar | |
| 106 | @ar | |
| 200 | 1 | @a边缘计算与云计算的协同发展@Abian yuan ji suan yu yun ji suan de xie tong fa zhan@e理论与实践@f李欣著 |
| 210 | @a哈尔滨@c北方文艺出版社@d2025.02 | |
| 215 | @a352页@d23cm | |
| 300 | @a课题来源: 黑龙江省高校基本科研业务费 课题名称: 基于云计算的电子信息产业数据服务优化研究 | |
| 314 | @a李欣, 男, 汉族, 1981年7月出生, 黑龙江省绥化市人, 毕业于黑龙江科技大学, 获学士学位, 现就职于绥化学院信息工程学院, 讲师职称, 网络工程师。研究方向: 网络工程、通信工程、物联网。自入职以来一直从事计算机网络及相关方向的教学和科研, 先后承担《计算机网络》《路由交换技术》《网络协议分析》等课程。 | |
| 320 | @a有书目 (第351-352页) | |
| 330 | @a本书从基础概念入手, 全面梳理了边缘计算与云计算的关系与区别, 并基于最新的学术研究和行业案例, 构建了协同发展的理论框架和技术体系。本书涵盖了从理论基础到体系架构、从工业物联网到智慧城市、从医疗健康到智能交通的多领域应用, 通过丰富的案例分析, 展示了边云协同在实际应用中的潜力和挑战, 为读者提供了对边云协同发展的前瞻性思考。 | |
| 606 | 0 | @a无线电通信@Awu xian dian tong xin@x移动通信@x计算 |
| 606 | 0 | @a云计算@Ayun ji suan |
| 690 | @aTN929.5@v5 | |
| 690 | @aTP393.027@v5 | |
| 701 | 0 | @a李欣,@Ali xin@f1981-@4著 |
| 801 | 0 | @aCN@c20250909 |
| 905 | @a河南城建学院图书馆@dTN929.5@eL305@f1 | |
| 边缘计算与云计算的协同发展:理论与实践/李欣著.-哈尔滨:北方文艺出版社,2025.02 |
| 352页;23cm |
| 课题来源: 黑龙江省高校基本科研业务费 课题名称: 基于云计算的电子信息产业数据服务优化研究 |
| ISBN 978-7-5317-6615-5:CNY99.80 |
| 本书从基础概念入手, 全面梳理了边缘计算与云计算的关系与区别, 并基于最新的学术研究和行业案例, 构建了协同发展的理论框架和技术体系。本书涵盖了从理论基础到体系架构、从工业物联网到智慧城市、从医疗健康到智能交通的多领域应用, 通过丰富的案例分析, 展示了边云协同在实际应用中的潜力和挑战, 为读者提供了对边云协同发展的前瞻性思考。 |
| ● |
| 相关链接 |
|
|
|
正题名:边缘计算与云计算的协同发展
索取号:TN929.5/L305
 
预约/预借
| 序号 | 登录号 | 条形码 | 馆藏地/架位号 | 状态 | 备注 |
| 1 | 1638607 | 216386079 | 自科库301/301自科库 99排2列2层/ [索取号:TN929.5/L305] | 在馆 |